A keresztény egységért imádkoztak

Bibliographic Details
Main Author: Blahóné Kamenár, Gabriella (Author)
Format: Article
Language:Hungarian
PhysicalDescription:Fotografie
ISSN:1335-6534
Subjects:

MARC

LEADER 00000cab a2200000 4500
001 vtls011916208
003 SK-MaSNL
005 20260318140312.0
008 200207|2020 xo |||| || ||00 0|hun
015 |a SNBRB2020/01 
038 |a DSZK 
040 |a DSZK  |b slo  |d DSZK  |e rda 
041 |a hun 
043 |a e-xo--- 
044 |a xo  |c SK 
072 7 |a 27-5  |x Liturgia. Kresťanské umenie a symbolika. Duchovný život  |2 konspekt 
080 |a 27-528-67(437.6)  |2 2001 
100 1 |a Blahóné Kamenár, Gabriella  |4 aut  |9 1107749 
245 1 0 |a A keresztény egységért imádkoztak  |c Blahóné Kamenár Gabriella 
300 |b Fotografie 
336 |a text  |b txt  |2 rdacontent 
337 |a bez média  |b n  |2 rdamedia 
338 |a zväzok  |b nc  |2 rdacarrier 
610 2 7 |a Kultúrny dom (Reca, Slovensko)  |2 dszk  |9 1108204 
610 2 7 |a Kostol Nanebovzatia Panny Márie (Boldog, Slovensko)  |2 dszk  |9 32760 
650 0 7 |a ekumenická liturgia  |2 SNKPH  |9 69074 
651 7 |a Reca (Slovensko)  |2 SNKPHgeo  |9 107208 
651 7 |a Boldog (Slovensko)  |2 SNKPHgeo  |9 98050 
773 0 |t Remény  |g Évf. XXXI, sz. 5 (2020), o. 2  |x 1335-6534 
958 |a HU 
958 |a SK 
958 |a NT 
999 |c 1823899  |d 1825829